000
00263nam a2200109Ia 4500
008
190216s9999||||xx |||||||||||||| ||und||
100
_a
Chellappan Nair N P
245
0
_a
Malayalam-Prema Vaichithryam
260
_b
Nbs Kottayam
650
_a
Malayalam
942
_c
BK
999
_c
23887
_d
23887